000 00569nam a2200217Ia 4500
005 20260115172819.0
008 008 260114s9999 xx 000 0 eng d
020 _a9781447306382
037 _aEBOOK
040 _aCRL
_beng
_cCRL
041 _aeng
_2eng
084 _qCRL
100 _aZapata/Hall
_9879023
245 0 _aOrganising Waste in the City
260 _bBristol University Press
260 _bCambridge University Press
260 _c2022
856 _uhttps://doi.org/10.46692/9781447306382
942 _cEBOOK
999 _c1477628
_d1477628